000 01626cam a22004574i 4500
003 PE-LiUPU
005 20250731173506.0
008 150616s r 000 0 d
020 _a8471519860
035 _a(Sirsi) i9788471519863
040 _aPE-LiUPU
_bspa
_cPE-LiUPU
_erda
049 _aPRUA
082 0 4 _a226.307
_bP56
_221
100 1 _aPikaza, Xabier,
_eautor.
245 1 0 _aPara Vivir El Evangelio; Lectura de Marcos /
_cXavier Picaza.
264 1 _aEstella, Navarra :
_bEditorial Verbo Divino,
_c1995.
300 _a246 páginas ;
_c21 centímetros
336 _atext
_2rdacontent
337 _aunmediated
_2rdamedia
338 _avolume
_2rdacarrier
505 0 _aLos actores del drama: comienzo del evangelio -- Llamada de Dios y evangelio del reino: Galilea -- Hijo del hombre, camino del Cristo -- Meta pascual, nuevo comienzo. evangelio.
526 _aSEG42
526 _aSEG41
526 _aSEG40
526 _aSEG39
526 _aP94
526 _aP87
526 _aP86
526 _aP85
526 _aP77
526 _aP76
526 _aP35
630 _aBiblia.
_pN.T.
_pMarcos
_xComentarios.
910 _ajck
_bjvq
_cjck
942 _2ddc
_cBOOK
949 _a226.307 P56
_wDEWEY
_c1
_i40474
_lCCODEBUL1
_mBUL
_r0
_sY
_tBOOK
_u2015-6-16
_xTEOLOGIA
_zUNKNOWN
_0COMPRA
_o.STAFF. Colección General
994 _aC0
_bPEPRU
596 _a1
999 _a226.307 P56
_wDEWEY
_c58267
_i40474
_d58267
_f2021-11-9
_g5
_lCCODEBUL1
_mBUL
_q1
_r0
_sY
_tBOOK
_u2015-6-16
_xTEOLOGIA
_zUNKNOWN
_0COMPRA
_o.STAFF. Colección General
980 _81
_gALBERTO SANCHEZ Responsable de Automatización